Gaming Quiz

Random Gaming or Quick Pick Quiz

Castlevania SotN: Reverse Caverns Enemies Quiz Stats

 Plays Quiz not verified by Sporcle

Score 0/10 Timer 01:00
0 Plays Today
% Correct
Rock Knight
91.6%
Blue Venus Weed
88.4%
Killer Fish
86.3%
Balloon Pod
85.3%
Jack O'Bones
84.2%
Nova
Skeleton
83.2%
Imp
83.2%
Dark Octopus
76.8%
Doppleganger40
75.8%
Cave Troll
69.5%

You're not logged in!

Compare scores with friends on all Sporcle quizzes.
OR
Log In

Sporcle TV

Today on Sporcle TV


Watch our educational content, quiz creation guides, and fun videos on Sporcle TV.

Show Comments

Extras

Top Quizzes Today


Score Distribution

Your Account Isn't Verified!

In order to create a playlist on Sporcle, you need to verify the email address you used during registration. Go to your Sporcle Settings to finish the process.

Report this User

Report this user for behavior that violates our Community Guidelines.

Details: